[Event "Kaluga Tsiolkovsky Memorial op"]
[Site "Kaluga"]
[Date "2016.08.15"]
[Round "9"]
[White "Sergeev, Yury I"]
[Black "Yurchenkov, Yury"]
[Result "1-0"]
[WhiteElo "2035"]
[BlackElo "1926"]
[PlyCount "53"]
[EventDate "2016.08.06"]
[EventType "swiss"]
[EventRounds "9"]
[EventCountry "RUS"]
[SourceTitle "CBM 174 Extra"]
[Source "ChessBase"]
[SourceDate "2016.10.10"]
[SourceVersion "1"]
[SourceVersionDate "2016.10.10"]
[SourceQuality "1"]

1. c4 Nf6 2. Nf3 e6 3. d4 d5 4. g3 Bb4+ 5. Nbd2 a5 6. Bg2 c6 7. 0-0 Bd6 8. Qc2 Nbd7 9. b3 0-0 10. e4 dxe4 11. Ng5 g6 12. Ndxe4 Be7 13. Bb2 Nxe4 14. Nxe4 f5 15. Nc3 Nf6 16. Rad1 Qc7 17. Rfe1 Rb8 18. Qe2 Bb4 19. a3 Bxc3 20. Bxc3 b5 21. d5 cxd5 22. Be5 Qa7 23. Bxb8 Qxb8 24. cxd5 Re8 25. Qd2 Qb6 26. dxe6 Bxe6 27. Qd6 1-0

[Event "Kaluga Tsiolkovsky Memorial op"]
[Site "Kaluga"]
[Date "2016.08.13"]
[Round "7"]
[White "Yurchenkov, Yury"]
[Black "Chaykina, Svetlana"]
[Result "1/2-1/2"]
[WhiteElo "1926"]
[BlackElo "1796"]
[PlyCount "113"]
[EventDate "2016.08.06"]
[EventType "swiss"]
[EventRounds "9"]
[EventCountry "RUS"]
[SourceTitle "CBM 174 Extra"]
[Source "ChessBase"]
[SourceDate "2016.10.10"]
[SourceVersion "1"]
[SourceVersionDate "2016.10.10"]
[SourceQuality "1"]

1. e4 e5 2. Nf3 Nc6 3. Bb5 a6 4. Ba4 Nf6 5. 0-0 Be7 6. Re1 b5 7. Bb3 d6 8. h3 0-0 9. c3 Na5 10. Bc2 c5 11. d4 Qc7 12. Nbd2 cxd4 13. cxd4 Nc6 14. d5 Nb8 15. Nf1 Nbd7 16. Ng3 Nb6 17. b3 Bd7 18. Bd2 Rfc8 19. Bd3 g6 20. Rc1 Qb7 21. Qe2 Be8 22. Bh6 Nbd7 23. Qe3 Bf8 24. Qg5 Bxh6 25. Qxh6 Nc5 26. Nh4 Qe7 27. Re3 Qf8 28. Qg5 Qg7 29. Rf3 Nxd3 30. Rxd3 Bd7 31. Rdc3 h6 32. Qe3 Qf8 33. Qb6 Rxc3 34. Rxc3 Qd8 35. Qxd6 Ne8 36. Qxe5 Qxh4 37. Rf3 Qg5 38. Qd4 f6 39. Qb6 Qc1+ 40. Kh2 Kg7 41. Qb7 Qc8 42. Qb6 Qc7 43. Rxf6 Qxb6 44. Rxb6 a5 45. Rb7 Rd8 46. e5 Kg8 47. e6 Bc8 48. Rxb5 Nc7 49. Rxa5 Nxd5 50. Ra8 Kf8 51. Ne4 Nc7 52. Ra7 Nxe6 53. Nf6 Ng7 54. Nh7+ Kg8 55. Nf6+ Kf8 56. Nh7+ Kg8 57. Nf6+ 1/2-1/2

[Event "Kaluga Tsiolkovsky Memorial op"]
[Site "Kaluga"]
[Date "2013.08.04"]
[Round "2"]
[White "Yurchenkov, Yury"]
[Black "Leonov, Kirill"]
[Result "1-0"]
[WhiteElo "1932"]
[BlackElo "1433"]
[PlyCount "59"]
[EventDate "2013.08.03"]
[EventType "swiss"]
[EventRounds "9"]
[EventCountry "RUS"]
[SourceTitle "CBM 156 Extra"]
[Source "ChessBase"]
[SourceDate "2013.10.22"]
[SourceVersion "1"]
[SourceVersionDate "2013.10.22"]
[SourceQuality "1"]

1. d4 e6 2. e4 d5 3. Nd2 c5 4. Bb5+ Bd7 5. Bxd7+ Nxd7 6. c3 Qb6 7. Ngf3 cxd4 8. cxd4 Bb4 9. exd5 exd5 10. 0-0 Ne7 11. Qa4 Bxd2 12. Bxd2 Qc6 13. Qa3 Nf6 14. Rac1 Qa6 15. Qxa6 bxa6 16. Bb4 Rd8 17. Ne5 Rc8 18. Rxc8+ Nxc8 19. Re1 Ne4 20. f3 f6 21. Nd3 f5 22. Nc5 Kf7 23. fxe4 fxe4 24. Nxa6 Nb6 25. b3 Kg6 26. Rc1 e3 27. Kf1 Kf5 28. Ke2 Re8 29. Rc3 g5 30. Rxe3 1-0

[Event "Kaluga Tsiolkovsky Memorial op"]
[Site "Kaluga"]
[Date "2012.08.07"]
[Round "8"]
[White "Yurchenkov, Yury"]
[Black "Antipov, Vladimir"]
[Result "0-1"]
[WhiteElo "1978"]
[BlackElo "1930"]
[PlyCount "78"]
[EventDate "2012.07.30"]
[EventType "swiss"]
[EventRounds "9"]
[EventCountry "RUS"]
[SourceTitle "EXT 2014"]
[Source "ChessBase"]
[SourceDate "2013.11.20"]
[SourceVersion "1"]
[SourceVersionDate "2013.11.20"]
[SourceQuality "1"]

1. e4 c6 2. d4 d5 3. Nc3 dxe4 4. Nxe4 Bf5 5. Ng3 Bg6 6. Nf3 Nf6 7. Bc4 e6 8. h4 h6 9. Ne5 Bh7 10. Qe2 Qe7 11. Bd2 Nbd7 12. a3 Nxe5 13. dxe5 Nd5 14. Bb3 0-0-0 15. Ne4 Qc7 16. f4 Be7 17. 0-0-0 Qb6 18. Rh3 Qd4 19. Bxd5 Rxd5 20. Nc3 Qc5 21. b4 Qd4 22. Rf3 Rdd8 23. Be1 Qb6 24. Bf2 Rxd1+ 25. Nxd1 Qc7 26. Rc3 a6 27. Qf3 Rd8 28. Nb2 Kb8 29. Nc4 Qd7 30. Qe3 Qd1+ 31. Kb2 c5 32. bxc5 Rd5 33. Nd6 Rd2 34. Ne4 Re2 35. Qd3 Qxd3 36. Rxd3 Bxe4 37. Re3 Rxc2+ 38. Kb3 Rxf2 39. Rxe4 Bxc5 0-1

[Event "Kaluga Tsiolkovsky Memorial op"]
[Site "Kaluga"]
[Date "2012.08.02"]
[Round "4"]
[White "Yurchenkov, Yury"]
[Black "Sedina, Alina"]
[Result "1-0"]
[WhiteElo "1978"]
[BlackElo "1828"]
[PlyCount "65"]
[EventDate "2012.07.30"]
[EventType "swiss"]
[EventRounds "9"]
[EventCountry "RUS"]
[SourceTitle "EXT 2014"]
[Source "ChessBase"]
[SourceDate "2013.11.20"]
[SourceVersion "1"]
[SourceVersionDate "2013.11.20"]
[SourceQuality "1"]

1. e4 e5 2. Bc4 Nf6 3. d3 Nc6 4. Nf3 Be7 5. Nc3 Bb4 6. 0-0 Bxc3 7. bxc3 0-0 8. Re1 h6 9. d4 d6 10. Rb1 exd4 11. cxd4 Nxe4 12. Rxe4 d5 13. Re1 dxc4 14. d5 Na5 15. Ba3 Re8 16. Qd4 Rxe1+ 17. Rxe1 Bf5 18. Bb4 c5 19. Bxc5 Bxc2 20. Bxa7 Bd3 21. Bb6 Qd6 22. Bc5 Qd8 23. Ne5 Qc8 24. Bb4 Bf5 25. g4 Bd7 26. Bc3 f6 27. Ng6 Qd8 28. h4 Be8 29. Ne7+ Kh8 30. g5 Ra6 31. gxh6 gxh6 32. Qf4 Kg7 33. Qg4+ 1-0

[Event "CFO-ch Seniors"]
[Site "Kaluga"]
[Date "2011.03.13"]
[Round "?"]
[White "Yurchenkov, Yury"]
[Black "Lisenkov, Nikolay"]
[Result "1/2-1/2"]
[WhiteElo "1988"]
[BlackElo "2095"]
[PlyCount "86"]
[EventDate "2011.03.05"]
[EventType "swiss"]
[EventRounds "9"]
[EventCountry "RUS"]
[SourceTitle "CBM 141 Extra"]
[Source "ChessBase"]
[SourceDate "2011.05.03"]
[SourceVersion "1"]
[SourceVersionDate "2011.05.03"]
[SourceQuality "1"]

1. d4 Nf6 2. c4 c5 3. d5 e5 4. e4 d6 5. Nc3 g6 6. Be2 Bg7 7. h3 a6 8. g4 h6 9. Be3 Nbd7 10. Nf3 Nf8 11. Qd2 g5 12. Nh2 Ng6 13. Nf1 Nf4 14. Ng3 Bd7 15. f3 h5 16. Nf5 Bf8 17. 0-0-0 b5 18. Bxf4 exf4 19. h4 hxg4 20. hxg5 Rxh1 21. Rxh1 gxf3 22. Bxf3 Bxf5 23. exf5 Nd7 24. Qxf4 Ne5 25. Kb1 bxc4 26. Ne4 Qb6 27. Be2 Rb8 28. Qd2 Nd3 29. Bxd3 cxd3 30. Re1 Kd8 31. Rc1 Qb7 32. Nf6 Bg7 33. Rc3 Bxf6 34. gxf6 Qxd5 35. Qxd3 Qxd3+ 36. Rxd3 Kd7 37. Ra3 Ra8 38. Kc2 d5 39. Re3 Re8 40. Ra3 Re5 41. Rxa6 Rxf5 42. a4 Rf3 43. b3 d4 1/2-1/2

[Event "Kaluga Tsiolkovsky Memorial op"]
[Site "Kaluga"]
[Date "2007.08.12"]
[Round "9"]
[White "Yurchenkov, Yury"]
[Black "Skripchenko, Nikolay"]
[Result "1-0"]
[WhiteElo "2046"]
[BlackElo "2043"]
[PlyCount "75"]
[EventDate "2007.08.03"]
[EventType "swiss"]
[EventRounds "9"]
[EventCountry "RUS"]
[SourceTitle "CBM 119 Extra"]
[Source "ChessBase"]
[SourceDate "2007.09.04"]
[SourceVersion "1"]
[SourceVersionDate "2007.09.04"]
[SourceQuality "1"]

1. e4 e6 2. d4 d5 3. e5 c5 4. c3 Nc6 5. Nf3 Bd7 6. Be2 Qb6 7. 0-0 cxd4 8. cxd4 Nge7 9. Nc3 Nf5 10. Na4 Qa5 11. Bd2 Bb4 12. Bxb4 Qxb4 13. a3 Qe7 14. Rc1 0-0 15. Nc5 Bc8 16. Bb5 Nb8 17. Qa4 b6 18. Nd3 Bb7 19. Nb4 a6 20. Bd3 a5 21. Na2 Ba6 22. Bb5 f6 23. Rc3 fxe5 24. dxe5 d4 25. Rc4 Bb7 26. Nxd4 Qg5 27. Nc6 Nxc6 28. Bxc6 b5 29. Qxb5 Ba6 30. Qa4 Bxc4 31. Qxc4 Rac8 32. Qxe6+ Kh8 33. f4 Qd8 34. Bd7 Rc2 35. Qb3 Qxd7 36. Qxc2 Ne3 37. Qc5 Rxf4 38. Qxe3 1-0

[Event "Kaluga Tsiolkovsky Memorial op"]
[Site "Kaluga"]
[Date "2007.08.10"]
[Round "7"]
[White "Sergeev, Yury I"]
[Black "Yurchenkov, Yury"]
[Result "1-0"]
[WhiteElo "2173"]
[BlackElo "2046"]
[PlyCount "101"]
[EventDate "2007.08.03"]
[EventType "swiss"]
[EventRounds "9"]
[EventCountry "RUS"]
[SourceTitle "CBM 119 Extra"]
[Source "ChessBase"]
[SourceDate "2007.09.04"]
[SourceVersion "1"]
[SourceVersionDate "2007.09.04"]
[SourceQuality "1"]

1. c4 e5 2. Nc3 Nf6 3. g3 c6 4. Bg2 d5 5. cxd5 cxd5 6. Qb3 e4 7. d3 Nbd7 8. Be3 Qa5 9. 0-0-0 Nc5 10. Qb5+ Qxb5 11. Nxb5 Ne6 12. dxe4 dxe4 13. Nc3 Bc5 14. Bxc5 Nxc5 15. b4 Na6 16. a3 Bf5 17. h3 h5 18. e3 Ke7 19. Nge2 Rhd8 20. Rd4 Rxd4 21. Nxd4 Bg6 22. Ndb5 Bf5 23. Rd1 Bd7 24. Nd6 Rb8 25. Ncxe4 Nxe4 26. Bxe4 Bc6 27. Bxc6 bxc6 28. Nf5+ Kf6 29. e4 g6 30. Ne3 Rc8 31. Rd6+ Ke7 32. e5 Nb8 33. f4 Nd7 34. Nc4 f6 35. exf6+ Nxf6 36. Rd2 Ke6 37. Re2+ Kd5 38. Nd2 Nd7 39. Re7 Rd8 40. Kc2 a6 41. Kc3 c5 42. Ne4 cxb4+ 43. axb4 Rc8+ 44. Kd3 Nf8 45. Ra7 Rb8 46. Nc3+ Ke6 47. Rxa6+ Kf5 48. Nd5 Ne6 49. Ne7+ Kf6 50. Nc6 Rb7 51. Nd4 1-0